Statistics for Football players who have played for Chelsea and Benfica

Click here to take the quiz!

General Stats

  • This quiz has been taken 320 times
    (62 since last reset)
  • The average score is 4 of 11

Answer Stats

Years at ChelseaYears at BenficaPlayer% Correct
2023-present2022-2023Enzo Fernandez
86%
2011-2014,2016-20192007 (loan),2007-2011David Luiz
74%
2023 (loan)2018-2019Joao Felix
62%
2009-2011,2014-20172011-2014Nemanja Matić
60%
2010-20162009-2010Ramires
43%
2004-20052002-2004Tiago Mendes
26%
2023-present2022-2023Diego Moreira
24%
2006 (loan)1995-1996,1999-2002Maniche
17%
2000-20041994-1995Mario Stanić
3%
1999-20001995-1996Emerson Thome
2%
1994-19971997-1999Scott Minto
2%

Score Distribution

Percentile by Number Answered

Percent of People with Each Score

Your Score History

You have not taken this quiz since the last reset